000 01083cam a22003257a 4500
003 CHAP
005 20220817043151.0
008 971013s1963 r 00010 d
010 _a67299
011 _a68271
035 _a77743
040 _cCHAP
082 _a631.6
_bC65
110 _aComisión Hidrológica de la Cuenca del Valle de México
_925733
245 0 _aEstudio de viabilidad de un plan para la supresión del sobrebombeo en el Distrito Federal
260 _aMéxico :
_bLa Comisión,
_c1963
300 _a113 p.
490 0 _aPublicación
_v; 1
590 _aBATCH-UPD
_b10
_c20130110
_lUCH01
_h0514
590 _aBATCH-UPD
_b10
_c20130410
_lUCH01
_h0152
590 _aBATCH-UPD
_b10
_c20130914
_lUCH01
_h0655
590 _aCONVERSION
_b10
_c20130109
_lUCH01
_h1337
650 1 4 _aBombeo.
_913625
650 1 4 _aDrenaje
_xMéxico (Cd.)
_934206
830 0 _aPublicación
_v; 1
901 _aBK
942 _cLIBRO
949 _a631.6 C65
_bBC
_cLIBRO
_d33724000163101
_eLIBRO
_fc.2
_h73209
_i77743
_si
949 _a631.6 C65
_bBC
_cLIBRO
_d33724000163143
_eLIBRO
_h73208
_i77743
_si
999 _c67299
_d67299